Where she goes - Bad Bunny - Estadísticas

Estadísticas generales
  • Esta prueba ha sido intentada 206 veces
  • La puntuación promedio es 235 de 325
Estadísticas de respuestas
Letras % Correcto
a
98%
la
95%
no
95%
se
94%
y
94%
que
93%
te
93%
ver
93%
Baby
92%
baby
92%
de
92%
dime
92%
mi
92%
si
92%
verdad
92%
me
91%
repetir
90%
tu
90%
en
89%
lo
89%
noche
89%
un
89%
una
89%
yo
89%
mas
88%
na
88%
ti
88%
fue
87%
olvidaste
87%
el
86%
perdi
86%
vamos
86%
******
84%
*****
84%
orgullo
84%
encontrar
83%
gusta
83%
otra
83%
pa
83%
hace
82%
quiere
82%
quise
82%
hablar
81%
vuelve
81%
mirando
80%
perder
80%
entonces
79%
hacer
79%
cel
77%
ch*****
77%
puede
77%
so
77%
tal
77%
vez
77%
ser
75%
competir
73%
es
68%
voy
62%
quisiera
61%
volverte
61%
encima
60%
responder
58%
aun
57%
nos
57%
i
56%
aunque
54%
brincando
53%
esta
53%
ves
53%
juro
52%
poco
52%
por
51%
rica
51%
como
48%
tarde
48%
esperando
45%
ganando
43%
estamos
42%
mami
41%
su
36%
dar
35%
hasta
35%
tiempo
35%
flow
34%
las
34%
camino
33%
comimos
33%
duela
33%
go
33%
guau
33%
pienso
33%
vimos
33%
vino
33%
bellaco
32%
cada
32%
cual
31%
desde
31%
quiero
31%
atrevido
30%
dividimos
30%
she
30%
tranquilita
30%
where
30%
despues
29%
donde
29%
goes
29%
show
29%
soy
29%
contigo
28%
cumplido
28%
alfombra
27%
gustas
27%
manchas
27%
siempre
27%
buena
26%
digo
26%
perdido
26%
estan
25%
robas
25%
lleva
24%
estas
23%
perversa
23%
tomes
23%
le
22%
pone
22%
wanna
22%
cuatro
21%
dembow
21%
decirte
20%
that
20%
dm
19%
feel
19%
tienes
19%
tambien
17%
envio
16%
piquete
15%
again
14%
pierdo
14%
vuele
6%
glou
5%
puse
2%
ch***ando
0%
todito
0%
No se encontraron pruebas coincidentes
Distribución de puntuación
Porcentaje de gente con cada puntuación
Porcentaje por número respondido
Historial de tus puntuaciones
No has intentado esta prueba.